Regional report (Record no. 79903)

MARC details
000 -LEADER
fixed length control field 00984cab a22001935a 4500
001 - CONTROL NUMBER
control field L142665
008 - FIXED-LENGTH DATA ELEMENTS--GENERAL INFORMATION
fixed length control field 080213e20080222xxka f 000 0 eng d
035 ## - SYSTEM CONTROL NUMBER
System control number (Sirsi) u142665
041 0# - LANGUAGE CODE
Language code of text/sound track or separate title eng
100 1# - MAIN ENTRY--PERSONAL NAME
Personal name Eade, Christine
245 00 - TITLE STATEMENT
Title Regional report
Remainder of title Bristol, Bath and Swindon
260 ## - PUBLICATION, DISTRIBUTION, ETC.
Date of publication, distribution, etc. 2008
490 #0 - SERIES STATEMENT
Series statement Property Week
Volume/sequential designation 73(8) 22 February 2008, 85-116(9)
520 ## - SUMMARY, ETC.
Summary, etc. Reports on market news and developments from the region; development plans for the area around Bristol Temple Meads historic railway station; what shoppers can expect from Cabot Circus shopping centre, Bristol; the Castlemore office development scheme; plans to develop industrial property at the former Rolls-Royce site at Filton; problems facing retail and leisure developers in Swindon; the fight between developers and protectionists over historic Bath.
590 ## - LOCAL NOTE (RLIN)
Local note KA
651 #4 - SUBJECT ADDED ENTRY--GEOGRAPHIC NAME
Geographic name South West (England)
Chronological subdivision 1994-
690 ## - LOCAL SUBJECT ADDED ENTRY--TOPICAL TERM (OCLC, RLIN)
Topical term or geographic name as entry element PROPERTY-COMMERCIAL PROPERTY-COMMERCIAL PROPERTY MARKET
942 ## - ADDED ENTRY ELEMENTS (KOHA)
Suppress in OPAC 0
Holdings
Withdrawn status Lost status Source of classification or shelving scheme Damaged status Not for loan Home library Current library Shelving location Date acquired Total Checkouts Full call number Barcode Date last seen Copy number Price effective from Koha item type
    Dewey Decimal Classification     London London Journal article 27/02/2008   L142665 142665-1001 06/08/2019 1 06/08/2019 Journal article